Rock mass response to mining activities : (Record no. 535546)

000 -LEADER
fixed length control field 02488cam a2200457 i 4500
001 - CONTROL NUMBER
control field 20432039
003 - CONTROL NUMBER IDENTIFIER
control field NUST
005 - DATE AND TIME OF LATEST TRANSACTION
control field 20200916142506.0
006 - FIXED-LENGTH DATA ELEMENTS--ADDITIONAL MATERIAL CHARACTERISTICS
fixed length control field m |o d |
007 - PHYSICAL DESCRIPTION FIXED FIELD--GENERAL INFORMATION
fixed length control field cr_|||||||||||
008 - FIXED-LENGTH DATA ELEMENTS--GENERAL INFORMATION
fixed length control field 180404s2018 ne ob 001 0 eng
010 ## - LIBRARY OF CONGRESS CONTROL NUMBER
LC control number 2018016469
020 ## - INTERNATIONAL STANDARD BOOK NUMBER
International Standard Book Number 9781351621717 (epub)
020 ## - INTERNATIONAL STANDARD BOOK NUMBER
International Standard Book Number 9781315112336 (ebook)
020 ## - INTERNATIONAL STANDARD BOOK NUMBER
International Standard Book Number 9781351621724 (pdf)
020 ## - INTERNATIONAL STANDARD BOOK NUMBER
Canceled/invalid ISBN 9781138082922 (hardcover : alk. paper)
038 ## - RECORD CONTENT LICENSOR
Staff Name MSOHAIL
040 ## - CATALOGING SOURCE
Original cataloging agency DLC
Language of cataloging eng
Description conventions rda
Transcribing agency DLC
Modifying agency DLC
042 ## - AUTHENTICATION CODE
Authentication code pcc
050 00 - LIBRARY OF CONGRESS CALL NUMBER
Classification number TN288
082 00 - DEWEY DECIMAL CLASSIFICATION NUMBER
Classification number 622.28
Edition number 23
Author Mark SZW
100 1# - MAIN ENTRY--PERSONAL NAME
Personal name Szwedzicki, Tadeusz,
Relator term author.
9 (RLIN) 30168
245 10 - TITLE STATEMENT
Title Rock mass response to mining activities :
Remainder of title inferring large-scale rock mass failure /
Statement of responsibility, etc. Tadeusz Szwedzicki, Independent Consultant in Mining Geomechanics, Sorrento, Australia.
264 #1 - PRODUCTION, PUBLICATION, DISTRIBUTION, MANUFACTURE, AND COPYRIGHT NOTICE
Place of production, publication, distribution, manufacture Leiden, The Netherlands :
Name of producer, publisher, distributor, manufacturer CRC Press/Balkema,
Date of production, publication, distribution, manufacture, or copyright notice [2018]
300 ## - PHYSICAL DESCRIPTION
Extent 1 online resource.
336 ## - CONTENT TYPE
Content type term text
Content type code txt
Source rdacontent
337 ## - MEDIA TYPE
Media type term computer
Media type code n
Source rdamedia
338 ## - CARRIER TYPE
Carrier type term online resource
Carrier type code nc
Source rdacarrier
490 0# - SERIES STATEMENT
Series statement Geomechanics research
504 ## - BIBLIOGRAPHY, ETC. NOTE
Bibliography, etc. note Includes bibliographical references and index.
520 ## - SUMMARY, ETC.
Summary, etc. Mining activities may result in rock mass deterioration and instability that may lead to failure both in underground and open pit mines. Such deterioration represents a safety risk and may result in substantial financial losses. Rock mass response may lead to ground subsidence, fall of ground/caving, inundation, pillar collapse, seismic activities and slope and tailings dam instability. Each response is preceded by warning signs and precursors. These warning signs and precursors are identified. Case studies of large scale ground deterioration leading to collapse are presented. Identifying risks and monitoring geotechnical precursors and warning signs allows for safe and productive mining--
Assigning source Provided by publisher.
588 ## - SOURCE OF DESCRIPTION NOTE
Source of description note Description based on print version record and CIP data provided by publisher.
650 #0 - SUBJECT ADDED ENTRY--TOPICAL TERM
Topical term or geographic name entry element Ground control (Mining)
9 (RLIN) 30169
650 #0 - SUBJECT ADDED ENTRY--TOPICAL TERM
Topical term or geographic name entry element Mine accidents
General subdivision Risk assessment.
9 (RLIN) 30170
650 #0 - SUBJECT ADDED ENTRY--TOPICAL TERM
Topical term or geographic name entry element Rock bursts.
9 (RLIN) 30171
650 #0 - SUBJECT ADDED ENTRY--TOPICAL TERM
Topical term or geographic name entry element Rock mechanics.
9 (RLIN) 23489
776 08 - ADDITIONAL PHYSICAL FORM ENTRY
Relationship information Print version:
Main entry heading Szwedzicki, Tadeusz, author.
Title Rock mass response to mining activities
Place, publisher, and date of publication Leiden, The Netherlands : CRC Press/Balkema, [2018]
International Standard Book Number 9781138082922
Record control number (DLC) 2018015611
906 ## - LOCAL DATA ELEMENT F, LDF (RLIN)
a 7
b cbc
c origcop
d 1
e ecip
f 20
g y-gencatlg
942 ## - ADDED ENTRY ELEMENTS (KOHA)
Source of classification or shelving scheme
Koha item type Book
Holdings
Withdrawn status Lost status Source of classification or shelving scheme Damaged status Not for loan Permanent Location Current Location Date acquired Total Checkouts Full call number Barcode Date last seen Price effective from Koha item type
          School of Civil and Environmental Engineering (SCEE) School of Civil and Environmental Engineering (SCEE) 09/16/2020   622.28 SZW NIT-13242 09/16/2020 09/16/2020 Book
© 2023 Central Library, National University of Sciences and Technology. All Rights Reserved.